Problems of Victims of homicide in Bangalore and Delhi (Record no. 477380)

000 -LEADER
fixed length control field 00495cam a22001457a 4500
008 - FIXED-LENGTH DATA ELEMENTS--GENERAL INFORMATION
fixed length control field 180718b1981 xxu||||| |||| 00| 0 eng d
082 ## - DEWEY DECIMAL CLASSIFICATION NUMBER
Classification number Q813x54 R137
100 ## - MAIN ENTRY--PERSONAL NAME
Personal name Rajan, V.N.
245 ## - TITLE STATEMENT
Title Problems of Victims of homicide in Bangalore and Delhi
Statement of responsibility, etc. by V.N. Rajan and K.P. Krishna
260 ## - PUBLICATION, DISTRIBUTION, ETC.
Place of publication, distribution, etc. New Delhi
Name of publisher, distributor, etc. Institute of Criminology and Forensic Science
Date of publication, distribution, etc. 1981
300 ## - PHYSICAL DESCRIPTION
Extent 103p.
650 ## - SUBJECT ADDED ENTRY--TOPICAL TERM
Topical term or geographic name entry element Homicide - India
700 ## - ADDED ENTRY--PERSONAL NAME
Personal name Institute of Criminology and Forensic Science
700 ## - ADDED ENTRY--PERSONAL NAME
Personal name Krishna, K.P.
Holdings
Withdrawn status Lost status Damaged status Not for loan Permanent Location Current Location Date acquired Full call number Barcode Date last seen Price effective from Koha item type
        Indian Institute of Public Administration Indian Institute of Public Administration 2018-08-04 Q813x54 R137 GR11356 2018-08-04 2018-08-04 GR

Powered by Koha